000 00530nam a2200205Ia 4500
008 180523s9999 xx 000 0 und d
020 _a0-07-242402-8
050 _aMAIN HM 1221
245 0 _aPublic relations :
245 4 _bthe profession and the practice /
245 0 _cDan Lattimore… [et al].
260 _aNew York :
260 _bMcGraw-Hill,
260 _c2004
300 _a390 pages :
300 _bcolored illustrations ;
300 _c25 cm.
500 _aIncludes index.
650 _aPublic relations.
999 _c357277
_d357277